Human centered robotic design
Gardado en:
| Main Authors: | , |
|---|---|
| Formato: | Libro |
| Idioma: | Lingua italiana |
| Publicado: |
Florencia
Alinea
2011
|
| Edición: | 1a. ed |
| Subjects: | |
| Tags: |
Engadir etiqueta
Sen Etiquetas, Sexa o primeiro en etiquetar este rexistro!
|
MARC
| LEADER | 00000cam a2200000 a 4500 | ||
|---|---|---|---|
| 001 | UCD5243 | ||
| 003 | CL-VaPUC | ||
| 008 | 160819e20110000it |||||||||||||||||ita|d | ||
| 020 | |a 9788860556707 | ||
| 082 | 0 | 4 | |a 629.892 |b CAS |2 21 |
| 100 | 0 | |a Casiddu, Niccolò |e author |9 588987 | |
| 700 | 0 | |a Micheli, Emanuele |e author |9 588988 | |
| 245 | 1 | 0 | |a Human centered robotic design |
| 250 | |a 1a. ed | ||
| 300 | |a 175 p | ||
| 942 | |c BK | ||
| 945 | |d 20160819 12:52:00 |a dcastane | ||
| 260 | |a Florencia |b Alinea |c 2011 | ||
| 650 | 0 | |a Robótica |9 263360 | |
| 650 | 0 | |a Robots |9 263117 | |
| 650 | 7 | |a INTELIGENCIA ARTIFICIAL |2 CL-VaPUC |9 588989 | |
| 583 | |a last modification |c 20160902 09:56:21 |k Rodrigo Vera | ||
| 999 | |c 365969 |d 365967 | ||
| 952 | |0 0 |1 0 |3 erb |4 0 |6 629_892000000000000_CAS_2011 |7 0 |8 A |9 479960 |a BIBARQ |b BIBARQ |i 5338514 |o 629.892 CAS 2011 |p 5338514 |r 2025-01-20 |w 2019-11-24 |y BK |z Catalogado en:20160819 |k ARQ | ||